|
|
|
|
| LEADER |
00000nam a22000007a 4500 |
| 005 |
20210419225510.0 |
| 007 |
cr|||| |||| |
| 008 |
210419s2020 cr |||||s|||| 00||0 spa d |
| 020 |
|
|
|a 978-9930-589-04-5
|
| 035 |
|
|
|a 33170
|
| 040 |
|
|
|a vLex
|
| 090 |
|
|
|c 11475
|d 11475
|
| 100 |
1 |
|
|a Weinstok, Uri
|
| 245 |
1 |
0 |
|a Propuesta para una mejor regulacin̤ del sector elčtrico en Costa Rica
|h [Recurso electrn̤ico] /
|c Uri Weinstok
|
| 256 |
|
|
|a Servicio en ln̕ea
|
| 260 |
|
|
|a San Jos:̌
|b LEAD University,
|c 2020
|
| 300 |
|
|
|a 1 recurso electrn̤ico
|
| 500 |
|
|
|a En el presente estudio se evala︢ de forma crt̕ica la regulacin̤ detrs̀ del mercado de electricidad costarricense y se identifican los aspectos que presentan ineficiencias, para luego formular propuestas de reforma, con la intencin̤ de promover la adopcin̤ de regulaciones alineadas con los objetivos de una mayor competitividad y eficiencia del sector.
|
| 506 |
1 |
|
|a Disponible solo en los productos indicados
|d vLex Global
|d vLex Global (Academic Edition, excluding Law Schools)
|d vLex Global (U.S. Academic Edition, Law Schools)
|d vLex Global (U.S. Academic Edition, excluding Law Schools)
|d vLex Global (Academic Edition, Law Schools)
|
| 650 |
0 |
4 |
|a Derecho Pb︢lico y Administrativo
|z Costa Rica
|
| 740 |
0 |
|
|a vLex Libros (Servicio en ln̕ea)
|
| 856 |
4 |
0 |
|u https://vlex.com/source/propuesta-para-una-mejor-regulacion-del-sector-electrico-en-costa-rica-33170
|z Acceso restringido
|
| 942 |
|
|
|c BOOK
|
| 999 |
0 |
|
|a Public and Administrative Law
|